| 000 | 00974nam a2200193Ia 4500 | ||
|---|---|---|---|
| 003 | Ost | ||
| 005 | 20260507075059.0 | ||
| 008 | 260507s9999||||xx |||||||||||||| ||und|| | ||
| 040 | _cfsecg | ||
| 041 | _aara | ||
| 100 |
_aدسوقي، محمد ابراهيم _eمؤلف |
||
| 245 | 0 |
_aتقدير التعويض بين الخطأ والضرر / _c محمد ابراهيم دسوقي |
|
| 260 |
_aالإسكندرية: _bمؤسسة الثقافة الجامعية, _c[دون تاريخ] |
||
| 300 |
_a551 صفحة؛ _c25 سم |
||
| 504 | _aالمراجع ص.521 | ||
| 520 | _aوظيفة التعويض،التعويض من الوظيفة العقابية إلى الوظيفة الإصلاحية،التعويض من الوظيفة الإصلاحية إلى الوظيفة المزدوجة،نظرية العقوبة الخاصة-تقدير التعويض،التعويض الاصلاحي،التعويض الرادع | ||
| 653 | _aالتعويضات | ||
| 942 | _cكتاب | ||
| 999 |
_c42777 _d42777 |
||